000 00234nam a2200109Ia 4500
999 _c7157
_d7157
020 _a978-0132664233 Books
100 _aFred R. David
245 0 _aStrategic Management
260 _aUSA
_bMacmillan
_c1998
300 _a692
942 _cBK